Headway Video. Intermediate. Activity Book /
Uložené v:
| Hlavný autor: | |
|---|---|
| Médium: | Kniha |
| Jazyk: | English |
| Vydavateľské údaje: |
Oxford :
Oxford University Press,
1997
|
| Tagy: |
Žiadne tagy, Buďte prvý, kto otaguje tento záznam!
|
MARC
| LEADER | 00000nam a22000003a 4500 | ||
|---|---|---|---|
| 001 | stu20170 | ||
| 005 | 20150617225753.4 | ||
| 008 | 971014s1997----uk------------------eng-d | ||
| 040 | |a STU |b slo | ||
| 041 | 0 | |a eng | |
| 044 | |a uk | ||
| 080 | |a 802.0 | ||
| 100 | 1 | |a Cooper, Richard |4 aut | |
| 245 | 1 | |a Headway Video. Intermediate. Activity Book / |c [aut.]Cooper,Richard | |
| 260 | |a Oxford : |b Oxford University Press, |c 1997 | ||
| 300 | |a 88 s : |b Obrázky | ||
| 996 | |b C95039 |c C*95039 |l CCXVII |s P |a 0 |w stu20170_0001 | ||